Historia del texto bíblico

Furkejuvvon:
Bibliográfalaš dieđut
Váldodahkki: Spottorno, María Victoria (Dahkki)
Materiálatiipa: Girji
Giella:espánnjágiella
Almmustuhtton: Pamplona Asociación Bíblica Española 2001
Pamplona Verbo Divino 2001
Ráidu:Reseña Bíblica, 31
Fáttát:
Fáddágilkorat: Lasit fáddágilkoriid
Eai fáddágilkorat, Lasit vuosttaš fáddágilkora!

MARC

LEADER 00000nam a2200000 a 4500
001 UCM2743
003 CL-VaPUC
008 020613e20010000SP |||||||||||||||||spa|d
082 0 4 |a 224.2  |b SPO  |2 21 
100 0 |a Spottorno, María Victoria  |e author  |9 469516 
245 1 0 |a Historia del texto bíblico 
300 |a 72 p 
942 |c BK 
945 |d 20020613 00:00:00  |a cmena 
260 |a Pamplona  |b Asociación Bíblica Española  |c 2001 
260 |a Pamplona  |b Verbo Divino  |c 2001 
600 0 |a Jeremías   |9 453753 
650 0 |a Biblia  |9 257603 
650 7 |a LIBROS SAGRADOS  |2 CL-VaPUC  |9 469517 
650 0 |a Profecías  |9 266038 
650 0 |a Antiguo testamento   |9 313678 
583 |a last modification  |c 20130618 07:51:29  |k Rodrigo Vera 
490 0 |a Reseña Bíblica, 31 
999 |c 300464  |d 300462 
952 |0 0  |1 2  |4 0  |6 224_200000000000000_SPO_2001_2001  |7 0  |8 A  |9 358285  |a BIBTEO  |b BIBTEO  |d 2019-11-21  |i 3819701  |o 224.2 SPO 2001 2001  |p 3819701  |r 2019-11-21  |w 2019-11-21  |y BK  |k ICR